000 00583nam a2200181Ia 4500
008 090124s9999 xx 000 0 und d
082 _b20010
100 _aDATE YASHWANT RAMKRISHNA
245 _aTHE ENGLISH-INDIAN DICTIONARY OF SCIENTIFIC TERMINOLOGY
250 _a0
260 _bMAHARASHTRA KOSHA MANDAL LTD.
_c1948
300 _a630
600 _aDATE YASHWANT RAMKRISHNA
630 _aTHE ENGLISH-INDIAN DICTIONARY OF SCIENTIFIC TERMINOLOGY
700 _aDATE YASHWANT RAMKRISHNA
730 _aTHE ENGLISH-INDIAN DICTIONARY OF SCIENTIFIC TERMINOLOGY
942 _cBOOK
999 _c91154
_d91154